Gleanings in buddha-fields : Studies of hand and soul in the Far East

The third book of Lafcadio Hearn's Japanese period, Gleanings in Buddha-Fields is a volume of philosophical essays and sketches inspired by the teachings of Buddha. Through a series of loosely connected essays, the author offers readers a wealth of insights into Japanese life, art and religion....

全面介绍

Đã lưu trong:
书目详细资料
主要作者: Hearn, Lafcadio
格式: 图书
语言:Undetermined
出版: Rutland Charles E. Tuttle Company 1971
主题:
标签: 添加标签
没有标签, 成为第一个标记此记录!
Thư viện lưu trữ: Trung tâm Học liệu Trường Đại học Cần Thơ
LEADER 01305nam a2200217Ia 4500
001 CTU_113656
008 210402s9999 xx 000 0 und d
082 |a 915.203 
082 |b H436 
100 |a Hearn, Lafcadio 
245 0 |a Gleanings in buddha-fields : 
245 0 |b Studies of hand and soul in the Far East 
245 0 |c Lafcadio Hearn 
260 |a Rutland 
260 |b Charles E. Tuttle Company 
260 |c 1971 
520 |a The third book of Lafcadio Hearn's Japanese period, Gleanings in Buddha-Fields is a volume of philosophical essays and sketches inspired by the teachings of Buddha. Through a series of loosely connected essays, the author offers readers a wealth of insights into Japanese life, art and religion. When the book was first published in 1897, it attracted the attention of The New York Times: "It is only Mr. Hearn who has made us understand something of the Japanese way of looking at life and things, something of that religion which is the very soul and substance of Japanese existence, thought, and action." Today's readers are sure to recognize the elegance and depth of thought which have made the work a classic 
650 |a Buddhism,Japan 
650 |x Description and travel 
904 |i Giang 
980 |a Trung tâm Học liệu Trường Đại học Cần Thơ